The collected works of Mahatma Gandhi/ (Record no. 144640)

MARC details
000 -LEADER
fixed length control field 00710nam a22002057a 4500
005 - DATE AND TIME OF LATEST TRANSACTION
control field 20230816123131.0
010 ## - LCCN (DPL NO)
LC control number ENG-120292
020 ## - INTERNATIONAL STANDARD BOOK NUMBER
International Standard Book Number 9788123022536 (vol-33)
Terms of availability 100.00
035 ## - SYSTEM CONTROL NUMBER
System control number EN-103824
037 ## - SOURCE OF ACQUISITION
Source of stock number/acquisition DBAD/PUB
082 ## - DEWEY DECIMAL CLASSIFICATION NUMBER
Classification number 301.153
100 ## - MAIN ENTRY--PERSONAL NAME
Personal name Gandhi, Mahatma
245 ## - TITLE STATEMENT
Title The collected works of Mahatma Gandhi/
Remainder of title by Mahatma Gandhi
260 ## - PUBLICATION, DISTRIBUTION, ETC. (IMPRINT)
Place of publication, distribution, etc Delhi
Name of publisher, distributor, etc Publication Divison
Date of publication, distribution, etc 2016 Dec.-(rep.)
270 ## - ADDRESS
Address Ministryof Information and Broadcasting Govt of India Soochna Bhawan,CGO Complex,Lodhi Road
City New Delhi
Postal code 110001
300 ## - PHYSICAL DESCRIPTION
Extent vol-40-(xxiii,462p.)
Dimensions 24cm(Hb)
500 ## - GENERAL NOTE
General note Includes index
505 ## - FORMATTED CONTENTS NOTE
Formatted contents note vol-40-February-May 1929
942 ## - ADDED ENTRY ELEMENTS (KOHA)
Source of classification or shelving scheme Dewey Decimal Classification
Item type English Books
Classification part 301.153
Call number suffix GAN
Holdings
Withdrawn status Lost status Not for loan Collection code Home library Current library Date acquired Source of acquisition Cost, normal purchase price Full call number Barcode Copy number Cost, replacement price Koha item type
    Not For Loan Non-fiction D.B.Act.Division Central Library 14/09/2017 DBAD/PUB 100.00 301.153 GAN EN-103824 1 100.00 English Books

© Delhi Public Library
Hit Counter
free hit counter